[Event "Wch U16"]
[Site "Florianopolis"]
[Date "2024.11.01"]
[Round "4"]
[White "Ricouz Vasquez, Enzo Joaquin"]
[Black "Simiyu, Baraka Daniel"]
[Result "1-0"]
[WhiteElo "1855"]
[BlackElo "1565"]
[PlyCount "61"]
[EventDate "2024.10.29"]
[EventType "swiss"]
[EventRounds "11"]
[EventCountry "BRA"]
[SourceTitle "CB45_2024"]
[Source "ChessBase"]
[SourceDate "2024.11.06"]
[SourceVersion "1"]
[SourceVersionDate "2024.11.06"]
[SourceQuality "1"]

1. e4 c6 2. d3 d5 3. Nd2 dxe4 4. dxe4 e5 5. Ngf3 Bg4 6. h3 Bh5 7. g4 Bg6 8. Nxe5 Bc5 9. Qf3 Nd7 10. Nxg6 fxg6 11. Nb3 Bd6 12. Bd2 Ne5 13. Qe2 Qf6 14. Bg2 Nd7 15. Bc3 Be5 16. Bxe5 Qxe5 17. 0-0-0 a5 18. Qd2 Nb6 19. Qd4 Qc7 20. Nc5 Qe7 21. e5 Nh6 22. Ne4 Nc8 23. Nd6+ Nxd6 24. exd6 Qf7 25. Rhe1+ Kd8 26. Re7 Qxe7 27. dxe7+ Kxe7 28. Qd7+ Kf6 29. Rd6+ Ke5 30. Re6+ Kf4 31. Qd2# 1-0